000 00474nam a2200181Ia 4500
001 11594
005 20260306162839.0
008 260306t2018||||xx |||||||||||||| ||spa||
041 _aESP
082 _a985.4
_bM49
100 _aMeza Bazán, Mario
_eAUT
245 0 _aHistoria mínima de Arequipa:
_bdesde los primeros pobladores hasta el presente
260 _c2018
300 _a306 páginas :
_c20 cm.
650 _aGEN
654 _aCHU
942 _cLIB
_dJUS
_fJUS
_2ddc
_n
999 _c11594
_d11594